000 00317nam a22001217a 4500
020 _a8120326946
082 _222
_a621.36720
100 _aGupta. S. C.
245 _aOptoelectronic devices and systems /
260 _aNew Delhi,
_bPrentice Hall,
_cc2005.
300 _axvi, 626 p. ;
_bill. ,
_c23 cm.
942 _2ddc
_cEE
_01
999 _c1784
_d1784